Online Catalogue and eLibrary

Ada siyawasaka deshapalana satahan (Record no. 2318)

MARC details
000 -LEADER
fixed length control field 00406nam a2200157Ia 4500
005 - DATE AND TIME OF LATEST TRANSACTION
control field 20250612032646.0
008 - FIXED-LENGTH DATA ELEMENTS--GENERAL INFORMATION
fixed length control field 240331s9999 xx 000 0 und d
020 ## - INTERNATIONAL STANDARD BOOK NUMBER
ISBN 9559562290
082 ## - DDC Classification
Item Number - Author Mark JAY
Class No. 320
100 ## - MAIN ENTRY--PERSONAL NAME
Personal name Jayawardena, W
245 #0 - TITLE STATEMENT
Title Ada siyawasaka deshapalana satahan
260 ## - PUBLICATION, DISTRIBUTION, ETC.
Name of publisher, distributor, etc. Editor Publication
Date of publication, distribution, etc. 1999
300 ## - PHYSICAL DESCRIPTION
Extent (e.g. Volumes, Pages etc.) 321
500 ## - GENERAL NOTE
General note Book of Half a century of political notes
942 ## - Koha item type (Biblio)
Koha item type Books in Stacks (Lending)
Holdings
Lost status Damaged status Collection code Home library Current library Shelving location Date acquired Full call number Accession Number Item type
    Lending WERC Library WERC Library Social Science Cupboard 03/31/2024 320.9 JAY 4343 Books in Stacks (Lending)

© WERC Library